<?xml version="1.0" encoding="UTF-8"?>
<collection xmlns:xsi="http://www.w3.org/2001/XMLSchema-instance" xsi:schemaLocation="http://www.loc.gov/MARC21/slim http://www.loc.gov/standards/marcxml/schema/MARC21slim.xsd" xmlns="http://www.loc.gov/MARC21/slim">
 <record>
  <leader>00000cam a22000004a 4500</leader>
  <controlfield tag="001">UP-1685675941123940255</controlfield>
  <controlfield tag="003">Buklod</controlfield>
  <controlfield tag="005">20231003153926.0</controlfield>
  <controlfield tag="006">aa    rb   |||1 u|</controlfield>
  <controlfield tag="007">ta</controlfield>
  <controlfield tag="008">231003k20152016xx a    rb   |000 u|eng d</controlfield>
  <datafield tag="020" ind1=" " ind2=" ">
   <subfield code="a">9789718567883</subfield>
  </datafield>
  <datafield tag="035" ind1=" " ind2=" ">
   <subfield code="a">(iLib)UPTAC-00018270193</subfield>
  </datafield>
  <datafield tag="037" ind1=" " ind2=" ">
   <subfield code="a">Tac-20296 to Tac-20299</subfield>
   <subfield code="b">NCPAG, UP</subfield>
   <subfield code="c">Php500.00 each</subfield>
  </datafield>
  <datafield tag="040" ind1="0" ind2=" ">
   <subfield code="a">DCPA</subfield>
   <subfield code="e">rda</subfield>
   <subfield code="d">UPVTC</subfield>
  </datafield>
  <datafield tag="041" ind1="0" ind2=" ">
   <subfield code="a">eng</subfield>
  </datafield>
  <datafield tag="090" ind1="0" ind2="0">
   <subfield code="a">JF 1351</subfield>
   <subfield code="b">I592</subfield>
  </datafield>
  <datafield tag="245" ind1="0" ind2="0">
   <subfield code="a">Introduction to public administration in the Philippines</subfield>
   <subfield code="b">a reader</subfield>
   <subfield code="c">edited by Danilo dela Rosa Reyes, Proserpina D. Tapales, Ma. Oliva Z. Domingo, Maria Fe Villamejor-Mendoza.</subfield>
  </datafield>
  <datafield tag="250" ind1=" " ind2=" ">
   <subfield code="a">Third edition.</subfield>
  </datafield>
  <datafield tag="264" ind1=" " ind2="1">
   <subfield code="a">Quezon City</subfield>
   <subfield code="b">National College of Public Administration and Governance, University of the Philippines</subfield>
   <subfield code="c">2015.</subfield>
  </datafield>
  <datafield tag="300" ind1=" " ind2=" ">
   <subfield code="a">2 volumes</subfield>
   <subfield code="b">illustrations</subfield>
   <subfield code="c">26 cm.</subfield>
  </datafield>
  <datafield tag="336" ind1=" " ind2=" ">
   <subfield code="a">text</subfield>
   <subfield code="2">rdacontent</subfield>
  </datafield>
  <datafield tag="337" ind1=" " ind2=" ">
   <subfield code="a">unmediated</subfield>
   <subfield code="2">rdamedia</subfield>
  </datafield>
  <datafield tag="338" ind1=" " ind2=" ">
   <subfield code="a">volume</subfield>
   <subfield code="2">rdacarrier</subfield>
  </datafield>
  <datafield tag="504" ind1=" " ind2=" ">
   <subfield code="a">Includes bibliographical references.</subfield>
  </datafield>
  <datafield tag="505" ind1="0" ind2="0">
   <subfield code="a">Table of Contents, Volume II: Preface to the Third Edition. Introduction to this Volume. --  Chapter V. Public Administration and the Economy: 23. The State of the Philippine Economy and the 2014 National Government Budget / L. M. Briones and J. C. Cuaresma --  24. The Politics of Regulation: Concepts, Policies, and Practice / M. S. Baylon -- 25. Regulation (and Competition) in the Philippine Electricity Industry / M. F. Villamejor-Mendoza --  26. The Political Economy of Regulation in the Philippine Power Sector / M. S. Baylon --  27. Is There Water after Privatization? The Case of the Metropolitan Waterworks and Sewerage System / J. C. Cuaresma --  Chapter VI. Public Administration, Technology, and Governance: 28. Spatial Dimension of Public Administration / R. B. Ocampo --  29. Mapping ICT4D Projects in the Philippines / E. G. A. Alampay and N. C. C. Tiglao --  30. Towards Institutionalization of Geographic Information System in Real Property Tax Administration in Six Philippine City Governments / J. C. Cuaresma --  31. Harnessing Geo-Information Technology for Community Empowerment and Identity: The Case of the Bukidnon Tribe in the Philippines / R. B. Cruz --  32. Spatial Microsimulation of Household Characteristics in Metro Manila: Identifying Informal Settlements and Its Implications to Urban and Housing Policy / N. C. C. Tiglao --  33. Competing Values Regarding Internet Use in &quot;Free&quot; Philippine Social Institutions / E. G. A. Alampay, J. C. Olpoc, and R. M. Hechanova --  Chapter VII. Special Issues in Public Administration: 34. Is There a Philippine Public Administration? The Relevance of Public Administration to Muslim Minorities / S. D. Tanggol --  35. Institutional and Politico-Administrative Responses to Armed Conflicts / A. B. Brillantes Jr. and J. T. Sonco II --  36. Assessment of the &quot;Strengths&quot; of the New ASEAN Agreement on Transboundary Haze Pollution / E. R. Florano -- 37. Improving the Delivery of Extension Services in the Philippines: Lessons Learned and Future Directions / R. D. Ocenar, A. B. Brillantes Jr., S. Cuthbertson, M. A. Tumanut --  38. Gender and Local Government / P. D. Tapales --  39. Decentralization and Good Urban Governance in Southeast Asia: Focus on the Philippines, Indonesia, and Thailand / A. B. Brillantes Jr. and H. P. Flores --  Chapter VIII. Challenges and Futures of Philippine Public Administration, Governance, and Society: 40. Administrative Accountability: A Review of the Evolution, Meaning, and Operationalization of a Key Concept in Public administration / L. V. Cariño --  41. Citizen Participation and Public Sector Reform: Is Collaborative Governance the Answer? / D. R. Reyes --  42. Indigenous Leadership and Governance / M. O. Z. Domingo --  43. Wicked Problems, Government Failures: Corruption and Lesser Evils / R. B. Ocampo --  44. On Poverty, Hunger, and Unemployment: Off Track But Not Without Hope / M. V. R. Raquiza --  45. Magsaysay's &quot;Servant Leadership&quot; and Continuing Relevance to Nation-building and Democratization / J. V. Abueva -- Index. The Contributors and the Editorial Team.</subfield>
  </datafield>
  <datafield tag="505" ind1="0" ind2="0">
   <subfield code="a">Volume I. Preface to the Third Edition. Introduction to this Volume. -- Chapter I. Dimensions of Public Administration Study and Practice in the Philippines: 1. The Study of Public Administration in Perspective: A Passing Review of the Development of the Discipline / D. R. Reyes -- 2. State, Market, and Civil Society in Philippine Public Administration / L. V. Cariño -- 3. History and Context of the Development of Public Administration in the Philippines / D. R. Reyes -- 4. ldeals and Practice in the Study of Philippine Public Administration and Governance / J. V. Abueva -- 5. The Philippine Administrative System as an Enabling Institution: A Framework and a Teaching Methodology / MA. C. P. Alfiler -- 6. Is There a Philippine Public Administration? Or Better Stil, For Whom is Philippine Public Administration? / A.B. Brillantes Jr. and M. T. Fernandez -- Chapter II. Perspectives in Public Administration, Governance, and Development: 7. The Study of Administrative History Philippine Public Administration as an Ahistorical Discipline / D. R. Reyes-- 8. Philippine Public Administration: From Classical, to New Public Administration, to New Public Management / N. N. Pilar -- 9. From Public Administration to Public Management, From Governance to Governmentality: Conceptual Challenges to Public Administration / R. B. Ocampo -- 10. Reinventing Philippine Governance for Globalization / L. V., L. M. Briones, E. R. Florano, and K. C. Follosco -- 11. Performance Management Reforms in the Philippines / MA. O. Z. Domingo and D. R. Reyes -- 12. Regulatory Governance in the Philippines: Lessons for Policy and Institutional Reform / L. V. Cariño -- Chapter III. Public Institutions, Policies, and Reforms: 13. Stability and Change: The Civil Service in the Philippines / J. N. Endriga -- 14. Reform as Policy Theory: The Case of Public Management Reform in the Philippines / S. A. Ilago -- 15. Reforming the Bureaucracy: Can Citizens Participate? / MA. O. Domingo -- 16. The Political Economy and Civil Service Reform / L. M. Briones -- 17. Enhancing Corporate Governance and Reforms in the Public Sector / M. F. Villamejor-Mendoza -- 18. Exploring Accountability Initiatives in Philippine Local Governance / W. L. Cabo -- Chapter IV. Governance at the Local Level: 19.The Nature and State of Local Government / P. D. Tapales -- 20. The History and Structural Evolution of the Barangay in the Philippines / R. D. Ocenar -- 21. Inter-local Cooperation as Alternative Service Delivery Mechanism / Z. C. P Calugay -- 22. The Volunteer and Citizenship Program for Local Government Units: Praxis of Public Administration and Civil Society Relations / M. F. L. Diola -- Index. The Contributors and the Editorial Team.</subfield>
  </datafield>
  <datafield tag="591" ind1=" " ind2=" ">
   <subfield code="a">Tac-2280g donated by Prof. Ladylyn Lim Mangada on May 12, 2016.</subfield>
  </datafield>
  <datafield tag="650" ind1="1" ind2="7">
   <subfield code="a">Public Administration</subfield>
   <subfield code="x">Study and teaching</subfield>
   <subfield code="z">Philippines.</subfield>
  </datafield>
  <datafield tag="651" ind1=" " ind2="0">
   <subfield code="a">Philippines</subfield>
   <subfield code="x">Politics and government</subfield>
   <subfield code="y">1986-.</subfield>
  </datafield>
  <datafield tag="651" ind1=" " ind2="0">
   <subfield code="a">Philippines</subfield>
   <subfield code="x">Politics and government</subfield>
   <subfield code="x">Study and teaching.</subfield>
  </datafield>
  <datafield tag="700" ind1="1" ind2=" ">
   <subfield code="a">Reyes, Danilo R.</subfield>
   <subfield code="e">editor.</subfield>
  </datafield>
  <datafield tag="700" ind1="1" ind2=" ">
   <subfield code="a">Tapales, Proserpina D.</subfield>
   <subfield code="e">editor.</subfield>
  </datafield>
  <datafield tag="700" ind1="1" ind2=" ">
   <subfield code="a">Domingo, Ma. Oliva Z.</subfield>
   <subfield code="e">editor.</subfield>
  </datafield>
  <datafield tag="700" ind1="1" ind2=" ">
   <subfield code="a">Mendoza, Maria Fe V.</subfield>
   <subfield code="e">editor.</subfield>
  </datafield>
  <datafield tag="710" ind1="2" ind2=" ">
   <subfield code="a">University of the Philippines.</subfield>
   <subfield code="b">National College of Public Administration and Governance.</subfield>
  </datafield>
  <datafield tag="856" ind1="4" ind2="1">
   <subfield code="3">Table of contents only, vol. II</subfield>
   <subfield code="u">https://drive.google.com/file/d/1QjGpKH7x2cM7HApJhbdd0NTQX1it0v_2/view?usp=sharing</subfield>
   <subfield code="y">Table of contents only, vol. II</subfield>
  </datafield>
  <datafield tag="856" ind1="4" ind2="1">
   <subfield code="3">Table of contents only, vol. I</subfield>
   <subfield code="u">https://drive.google.com/file/d/1XftsAuEc8Vb2Ckdos9k7CupoFNdUs0jx/view?usp=drivesdk</subfield>
   <subfield code="y">Table of contents only, vol. I</subfield>
  </datafield>
  <datafield tag="905" ind1=" " ind2=" ">
   <subfield code="a">FI</subfield>
  </datafield>
  <datafield tag="905" ind1=" " ind2=" ">
   <subfield code="a">UP</subfield>
  </datafield>
  <datafield tag="852" ind1="0" ind2=" ">
   <subfield code="a">UPTAC</subfield>
   <subfield code="b">UPTAC</subfield>
   <subfield code="h">JF 1351</subfield>
   <subfield code="i">I592</subfield>
  </datafield>
  <datafield tag="942" ind1=" " ind2=" ">
   <subfield code="a">Book</subfield>
  </datafield>
 </record>
</collection>
